[Event "Omsk-ch"]
[White "Oxuzian, Samvel"]
[Black "Manchenko, Vladimir"]
[Site "Omsk"]
[Round "8"]
[Result "0-1"]
[Date "2010.03.04"]
[WhiteElo "2017"]
[BlackElo "2048"]
[PlyCount "54"]
[EventDate "2010.02.20"]
[EventType "swiss"]
[EventRounds "11"]
[EventCountry "RUS"]
[SourceTitle "CBM 135 Extra"]
[Source "ChessBase"]
[SourceDate "2010.05.04"]
[SourceVersion "1"]
[SourceVersionDate "2010.05.04"]
[SourceQuality "1"]

1. d4 d6 2. e4 g6 3. f4 Bg7 4. Nc3 Nf6 5. Nf3 0-0 6. h3 c5 7. dxc5 Qa5 8. Qd3 Qxc5 9. Be3 Qa5 10. g4 Nxe4 11. Bd4 e5 12. b4 Qxb4 13. Rb1 Qa5 14. Rb5 Qd8 15. fxe5 Ng3 16. Rg1 Nxf1 17. Kxf1 dxe5 18. Nxe5 Be6 19. Rxb7 Na6 20. Nc6 Qg5 21. Ne7+ Kh8 22. Bxg7+ Kxg7 23. Ne4 Qe5 24. Qe3 Nc7 25. Nf5+ Kh8 26. Rxc7 Qxc7 27. Qd4+ f6 0-1

[Event "Omsk-ch op"]
[White "Oxuzian, Samvel"]
[Black "Dobrovolsky, Gennady"]
[Site "Omsk"]
[Round "6"]
[Result "1/2-1/2"]
[Date "2009.02.19"]
[WhiteElo "2012"]
[BlackElo "2073"]
[PlyCount "42"]
[EventDate "2009.02.12"]
[EventType "swiss"]
[EventRounds "11"]
[EventCountry "RUS"]
[SourceTitle "CBM 129 Extra"]
[Source "ChessBase"]
[SourceDate "2009.05.05"]
[SourceVersion "2"]
[SourceVersionDate "2009.05.20"]
[SourceQuality "1"]

1. d4 d5 2. c4 e6 3. Nc3 Nf6 4. g3 b6 5. cxd5 exd5 6. Bg2 Bb7 7. Nf3 Nbd7 8. 0-0 Be7 9. Bf4 c6 10. h3 Nh5 11. Bd2 f5 12. Ne5 Nxe5 13. dxe5 g6 14. g4 Ng7 15. f4 d4 16. Nb5 a6 17. Nd6+ Bxd6 18. exd6 Qxd6 19. Qb3 Qc7 20. e3 c5 21. Bxb7 Qxb7 1/2-1/2

[Event "Omsk-ch op"]
[White "Zikunov, B."]
[Black "Oxuzian, Samvel"]
[Site "Omsk"]
[Round "5"]
[Result "1-0"]
[Date "2009.02.18"]
[WhiteElo "2222"]
[BlackElo "2012"]
[PlyCount "91"]
[EventDate "2009.02.12"]
[EventType "swiss"]
[EventRounds "11"]
[EventCountry "RUS"]
[SourceTitle "CBM 129 Extra"]
[Source "ChessBase"]
[SourceDate "2009.05.05"]
[SourceVersion "2"]
[SourceVersionDate "2009.05.20"]
[SourceQuality "1"]

1. e4 d6 2. d4 Nf6 3. Nc3 c6 4. g3 Qc7 5. Bg2 e5 6. Nge2 b5 7. a3 Be7 8. 0-0 a6 9. f4 Nbd7 10. Kh1 Bb7 11. Be3 c5 12. dxe5 dxe5 13. Nd5 Nxd5 14. exd5 0-0 15. Qd3 Bd6 16. c4 f5 17. b3 e4 18. Qc2 Nf6 19. Nc3 Qd7 20. a4 Rfe8 21. Qe2 bxc4 22. bxc4 a5 23. Nb5 Ba6 24. Bd2 Rec8 25. Bxa5 Ne8 26. Bc3 Be7 27. g4 Bxb5 28. axb5 Bf6 29. Be5 Qe7 30. Ra6 Rxa6 31. bxa6 Bxe5 32. fxe5 Qxe5 33. Rxf5 Qa1+ 34. Qf1 Qxf1+ 35. Rxf1 Nd6 36. Ra1 Ra8 37. Kg1 Ra7 38. Bf1 g5 39. Ra5 Kf7 40. Rxc5 Rxa6 41. Rc7+ Kf6 42. c5 Ra1 43. cxd6 e3 44. Re7 Rd1 45. Re6+ Kf7 46. Rxe3 1-0

[Event "Omsk-ch op"]
[White "Oxuzian, Samvel"]
[Black "Adamson, Garry"]
[Site "Omsk"]
[Round "2"]
[Result "1-0"]
[Date "2009.02.14"]
[WhiteElo "2012"]
[BlackElo "2115"]
[PlyCount "95"]
[EventDate "2009.02.12"]
[EventType "swiss"]
[EventRounds "11"]
[EventCountry "RUS"]
[SourceTitle "CBM 129 Extra"]
[Source "ChessBase"]
[SourceDate "2009.05.05"]
[SourceVersion "2"]
[SourceVersionDate "2009.05.20"]
[SourceQuality "1"]

1. b4 c6 2. e3 d5 3. d4 e5 4. a3 Bd6 5. c4 e4 6. Nc3 Nf6 7. Qb3 0-0 8. g3 dxc4 9. Bxc4 Nbd7 10. Qc2 Nb6 11. Bb3 Qe7 12. h3 a5 13. b5 cxb5 14. Nxb5 a4 15. Ba2 Be6 16. Bxe6 Qxe6 17. Nxd6 Qxd6 18. Ne2 Rfc8 19. Qb1 Nbd5 20. 0-0 Qa6 21. Re1 Rab8 22. Bd2 Qd3 23. Ra2 Qc4 24. Rb2 b5 25. Bb4 g5 26. Bd6 Rb6 27. Rc1 Rxd6 28. Rxc4 bxc4 29. Rb8 Rdd8 30. Rxc8 Rxc8 31. Qb7 Rc7 32. Qa8+ Kg7 33. Qxa4 c3 34. Qc2 Ra7 35. Qb3 Rc7 36. Kf1 Kf8 37. Ke1 Ke7 38. Kd1 Kd6 39. Qb8 Nd7 40. Qh8 Ra7 41. Qxh7 N7f6 42. Qh8 Rxa3 43. Qf8+ Ne7 44. h4 gxh4 45. gxh4 Nfd5 46. h5 Ra2 47. h6 c2+ 48. Kc1 1-0

[Event "Omsk-ch op"]
[White "Savostjanov, Igor"]
[Black "Oxuzian, Samvel"]
[Site "Omsk"]
[Round "1"]
[Result "0-1"]
[Date "2009.02.12"]
[WhiteElo "2120"]
[BlackElo "2012"]
[PlyCount "36"]
[EventDate "2009.02.12"]
[EventType "swiss"]
[EventRounds "11"]
[EventCountry "RUS"]
[SourceTitle "CBM 129 Extra"]
[Source "ChessBase"]
[SourceDate "2009.05.05"]
[SourceVersion "2"]
[SourceVersionDate "2009.05.20"]
[SourceQuality "1"]

1. d4 Nf6 2. Nc3 d5 3. Bg5 Nbd7 4. f3 h6 5. Bxf6 Nxf6 6. e4 e6 7. Bd3 a6 8. Nge2 c5 9. e5 Nd7 10. Nf4 cxd4 11. Nxe6 fxe6 12. Bg6+ Ke7 13. Qxd4 Nb8 14. Qf4 Kd7 15. Na4 Kc7 16. 0-0 b5 17. Nc3 Bc5+ 18. Kh1 Rf8 0-1

[Event "Omsk City-ch"]
[White "Oxuzian, Samvel"]
[Black "Tolkachiov, Vladimir"]
[Site "Omsk"]
[Round "7"]
[Result "0-1"]
[Date "2008.02.10"]
[WhiteElo "2000"]
[BlackElo "2103"]
[PlyCount "50"]
[EventDate "2008.02.06"]
[EventType "swiss"]
[EventRounds "11"]
[EventCountry "RUS"]
[SourceTitle "EXT 2009"]
[Source "ChessBase"]
[SourceDate "2008.11.26"]
[SourceVersion "1"]
[SourceVersionDate "2008.11.26"]
[SourceQuality "1"]

1. d4 Nf6 2. Nf3 e6 3. g3 Be7 4. Bg2 0-0 5. 0-0 d5 6. c4 c6 7. b3 Nbd7 8. Nc3 Qa5 9. Bd2 dxc4 10. bxc4 Qa6 11. Qb3 Nb6 12. c5 Nbd5 13. Rfe1 Nxc3 14. Bxc3 Ne4 15. Ne5 Nxc3 16. Qxc3 Rd8 17. e4 Qa4 18. Nc4 e5 19. Red1 exd4 20. Rxd4 Rxd4 21. Qxd4 Be6 22. Rc1 Rd8 23. Qc3 Rd1+ 24. Rxd1 Qxd1+ 25. Bf1 Bxc5 0-1

[Event "Omsk City-ch"]
[White "Oxuzian, Samvel"]
[Black "Adamson, Konstantin"]
[Site "Omsk"]
[Round "1"]
[Result "1/2-1/2"]
[Date "2008.02.06"]
[WhiteElo "2000"]
[BlackElo "2170"]
[PlyCount "71"]
[EventDate "2008.02.06"]
[EventType "swiss"]
[EventRounds "11"]
[EventCountry "RUS"]
[SourceTitle "EXT 2009"]
[Source "ChessBase"]
[SourceDate "2008.11.26"]
[SourceVersion "1"]
[SourceVersionDate "2008.11.26"]
[SourceQuality "1"]

1. d4 Nf6 2. Nf3 c5 3. d5 e6 4. c4 exd5 5. cxd5 d6 6. Nc3 g6 7. e4 Bg7 8. Bd3 0-0 9. 0-0 Bg4 10. Bf4 a6 11. a4 Qc7 12. h3 Bxf3 13. Qxf3 Nfd7 14. Rac1 Ne5 15. Qe2 Nxd3 16. Qxd3 Nd7 17. Bh2 Rab8 18. f4 c4 19. Qe2 b5 20. Kh1 Nc5 21. axb5 axb5 22. Na2 Nd3 23. Qxd3 Bxb2 24. Rc2 Qa5 25. Qe2 c3 26. Nc1 b4 27. f5 b3 28. Nxb3 Rxb3 29. f6 Qb6 30. Qg4 Ba3 31. Qf4 Kh8 32. Qh6 Rg8 33. Bg1 Bc5 34. Ra2 Qb8 35. Bxc5 dxc5 36. Rc2 1/2-1/2